000 00508nam a22001457a 4500
999 _c129868
_d129868
008 190920b ||||| |||| 00| 0 eng d
050 _aSPC. DT1.T50 M952
100 _aMucheki, Rosemary
_948207
245 _aAn appreciation of Dewey's pragmatic problem-solving method to correct Zimbabwe's problem of inequality in education
_cMucheki, Mucheki
260 _aHarare
_bArrupe College
_c2014
300 _aiv, 90p. ;
_c31cm.
500 _aThesis
650 _aEducation
_zZimbabwe
_927081
942 _2lcc
_cSPC